00745nam a22001337a 4500003000900000005001700009008004100026040001300067100001900080245008500099260006300184300002100247520034300268IT-RoPau20220918181221.0140731b xxu||||| |||| 00| 0 eng d cIT-RoPau aBosetti, Elena aItinerario spirituale con l'Evangelista Marco e con il Servo di Dio G. Alberione aModenabCasa di Spiritualità "Gesù Buon Pastore"c1991 a116 pp.c29,5 cm aIndice Itinerario spirituale con l'evangelista Marco e con il Servo di Dio G. Alberione Si parte: Gesù e i primi quattro Prima ruota: La Pietà Seconda ruota: Lo Studio Terza ruota: L'Apostolato Quarta ruota: La Povertà Sulla strada che va a Gerusalemme: Bartimeo, modello del vero discepolo Vi precede in Galilea: Là lo vedrete